000 01203nam a2200313 i 4500
003 EG-GICUC
005 20260418154456.0
008 260110s1926 ua ||||fr|||| 000 0 eng d
040 _aEG-GiCUC
_bfre
_cEG-GiCUC
_dEG-GiCUC
_eRda
041 0 _afre
082 0 4 _221
_a342.066044
_bR E
092 0 4 _221
099 _aLaw1 11 342.066044 R E 1926
110 2 _aGOUVERNEMENT EGYPTIEN,
_bCOMITÉ DU CONTENTIEUX DE L'ETAT.
_eAuteur
245 1 0 _aRECUEIL D'AVIS DE PRINCIPE DU CONTENTIEUX DE L'ÉTAT (Années 1890-1925) :
_bSOMMAIRE DE JURISPRUDENCE en Matière Administrative /
_cGOUVERNEMENT EGYPTIEN.
250 _aTOME PREMIER.
264 3 _ale caire :
_bImprimerie Nationale, Le Caire,
_c1926.
300 _a489 page, pagination diverse, pages non numérotées :
_c 27cm.
336 _2rda contenu
_a texte
337 _2rda medias
_aOrdinateur
338 _2 transporteur rda
_a Ressource en ligne
504 _aComprend des références bibliographiques.
546 _aTexte en français
650 1 _aFinances publiques et législation fiscale
_2qrmak
651 1 _2qrmak
856 4 0 _uhttps://fll.law.cu.edu.eg/fulltext/bks/B11-10242.pdf
905 _a62
942 _2ddc
_cBK
_e21
_n0
999 _c55989
_d55989